<?xml version="1.0" encoding="UTF-8"?>
<record
    xmlns:xsi="http://www.w3.org/2001/XMLSchema-instance"
    xsi:schemaLocation="http://www.loc.gov/MARC21/slim http://www.loc.gov/standards/marcxml/schema/MARC21slim.xsd"
    xmlns="http://www.loc.gov/MARC21/slim">

  <leader>00850nam a22001337a 4500</leader>
  <datafield tag="040" ind1=" " ind2=" ">
    <subfield code="c">RUA</subfield>
  </datafield>
  <datafield tag="082" ind1=" " ind2=" ">
    <subfield code="a">AVM NGE 2018 B654 Or.1</subfield>
  </datafield>
  <datafield tag="100" ind1=" " ind2=" ">
    <subfield code="a">NGET POV &#x1784;&#x17C9;&#x17C2;&#x178F; &#x1796;&#x17C5;</subfield>
  </datafield>
  <datafield tag="245" ind1=" " ind2=" ">
    <subfield code="a">antimicrobial resistance of staphylococus spp in reproductive tracts of lactating sow at hor houy B, basedth district, kampong spue province &#x1797;&#x17B6;&#x1796;&#x179F;&#x17BB;&#x17C6;&#x17B6;&#x1793;&#x17C3;staphylococcus spp &#x1791;&#x179B;&#x17CB;&#x1793;&#x17B7;&#x1784;&#x17B2;&#x179F;&#x1790;&#x17A2;&#x1784;&#x17CB;&#x1794;&#x17D2;&#x1799;&#x17BC;&#x1791;&#x17B7;&#x1785;&#x1780;&#x17D2;&#x1793;&#x17BB;&#x1784;&#x1794;&#x17D2;&#x179A;&#x178A;&#x17B6;&#x1794;&#x17CB;&#x1794;&#x1793;&#x17D2;&#x178F;&#x1796;&#x17BC;&#x1787;&#x1798;&#x17C1;&#x1787;&#x17D2;&#x179A;&#x17BC;&#x1780;&#x1794;&#x17C6;&#x1794;&#x17C9;&#x17C5;&#x178A;&#x17C4;&#x17C7;&#x1793;&#x17C5;&#x1780;&#x179F;&#x17B7;&#x178A;&#x17D2;&#x178B;&#x17B6;&#x1793; &#x17A0;&#x17C4; &#x17A0;&#x17BD;&#x1799; &#x1794;&#x17CA;&#x17B8; &#x179F;&#x17D2;&#x179A;&#x17BB;&#x1780;&#x1794;&#x179A;&#x179F;&#x17C1;&#x178A;&#x17D2;&#x178B; &#x1781;&#x17C1;&#x178F;&#x17D2;&#x178F;&#x1780;&#x17C6;&#x1796;&#x1784;&#x17CB;&#x179F;&#x17D2;&#x1796;&#x17BA;</subfield>
  </datafield>
  <datafield tag="260" ind1=" " ind2=" ">
    <subfield code="a">RUA</subfield>
    <subfield code="b">Phnom penh</subfield>
    <subfield code="c">2018</subfield>
  </datafield>
  <datafield tag="300" ind1=" " ind2=" ">
    <subfield code="a">x;33p</subfield>
    <subfield code="b">ill;</subfield>
    <subfield code="c">29cm</subfield>
  </datafield>
  <datafield tag="856" ind1=" " ind2=" ">
    <subfield code="u">https://drive.google.com/file/d/1GxzYOqlqPExGxGMswq71tOFvaQA4k39y/view?usp=sharing</subfield>
  </datafield>
  <datafield tag="942" ind1=" " ind2=" ">
    <subfield code="c">AVM</subfield>
  </datafield>
  <datafield tag="999" ind1=" " ind2=" ">
    <subfield code="c">18617</subfield>
    <subfield code="d">18617</subfield>
  </datafield>
  <datafield tag="952" ind1=" " ind2=" ">
    <subfield code="0">0</subfield>
    <subfield code="1">0</subfield>
    <subfield code="2">ddc</subfield>
    <subfield code="4">0</subfield>
    <subfield code="6">AVM_NGE_2018_000000000000000_B654_OR_1</subfield>
    <subfield code="7">0</subfield>
    <subfield code="9">82981</subfield>
    <subfield code="a">LBB</subfield>
    <subfield code="b">LBB</subfield>
    <subfield code="c">B654</subfield>
    <subfield code="d">2019-12-25</subfield>
    <subfield code="l">1</subfield>
    <subfield code="o">AVM NGE 2018 B654 Or.1</subfield>
    <subfield code="p">A064272</subfield>
    <subfield code="r">2021-03-02</subfield>
    <subfield code="s">2021-02-17</subfield>
    <subfield code="w">2019-12-25</subfield>
    <subfield code="y">AVM</subfield>
  </datafield>
  <datafield tag="952" ind1=" " ind2=" ">
    <subfield code="0">0</subfield>
    <subfield code="1">0</subfield>
    <subfield code="2">ddc</subfield>
    <subfield code="4">0</subfield>
    <subfield code="6">AVM_NGE_2018_000000000000000_B654_OR_2</subfield>
    <subfield code="7">0</subfield>
    <subfield code="9">82982</subfield>
    <subfield code="a">LBB</subfield>
    <subfield code="b">LBB</subfield>
    <subfield code="c">B654</subfield>
    <subfield code="d">2019-12-25</subfield>
    <subfield code="o">AVM NGE 2018 B654 Or.2</subfield>
    <subfield code="p">A063716</subfield>
    <subfield code="r">2019-12-25</subfield>
    <subfield code="w">2019-12-25</subfield>
    <subfield code="y">AVM</subfield>
  </datafield>
  <datafield tag="952" ind1=" " ind2=" ">
    <subfield code="0">0</subfield>
    <subfield code="1">0</subfield>
    <subfield code="2">ddc</subfield>
    <subfield code="4">0</subfield>
    <subfield code="6">AVM_NGE_2018_000000000000000_B654_OR_3</subfield>
    <subfield code="7">0</subfield>
    <subfield code="9">82983</subfield>
    <subfield code="a">LBB</subfield>
    <subfield code="b">LBB</subfield>
    <subfield code="c">B654</subfield>
    <subfield code="d">2019-12-25</subfield>
    <subfield code="l">2</subfield>
    <subfield code="o">AVM NGE 2018 B654 Or.3</subfield>
    <subfield code="p">A43465</subfield>
    <subfield code="r">2023-08-07</subfield>
    <subfield code="s">2023-07-26</subfield>
    <subfield code="w">2019-12-25</subfield>
    <subfield code="y">AVM</subfield>
  </datafield>
  <datafield tag="952" ind1=" " ind2=" ">
    <subfield code="0">0</subfield>
    <subfield code="1">0</subfield>
    <subfield code="2">ddc</subfield>
    <subfield code="4">0</subfield>
    <subfield code="6">AVM_NGE_2018_000000000000000_B654_OR_4</subfield>
    <subfield code="7">0</subfield>
    <subfield code="9">82984</subfield>
    <subfield code="a">LBB</subfield>
    <subfield code="b">LBB</subfield>
    <subfield code="c">B654</subfield>
    <subfield code="d">2019-12-25</subfield>
    <subfield code="l">1</subfield>
    <subfield code="m">1</subfield>
    <subfield code="o">AVM NGE 2018 B654 Or.4</subfield>
    <subfield code="p">A063672</subfield>
    <subfield code="r">2020-10-27</subfield>
    <subfield code="s">2020-09-22</subfield>
    <subfield code="w">2019-12-25</subfield>
    <subfield code="y">AVM</subfield>
  </datafield>
  <datafield tag="952" ind1=" " ind2=" ">
    <subfield code="0">0</subfield>
    <subfield code="1">0</subfield>
    <subfield code="2">ddc</subfield>
    <subfield code="4">0</subfield>
    <subfield code="6">AVM_NGE_2018_000000000000000_B654_OR_5</subfield>
    <subfield code="7">0</subfield>
    <subfield code="9">82985</subfield>
    <subfield code="a">LBB</subfield>
    <subfield code="b">LBB</subfield>
    <subfield code="c">B654</subfield>
    <subfield code="d">2019-12-25</subfield>
    <subfield code="l">1</subfield>
    <subfield code="o">AVM NGE 2018 B654 Or.5</subfield>
    <subfield code="p">A063426</subfield>
    <subfield code="r">2020-08-26</subfield>
    <subfield code="s">2020-07-31</subfield>
    <subfield code="w">2019-12-25</subfield>
    <subfield code="y">AVM</subfield>
  </datafield>
  <datafield tag="952" ind1=" " ind2=" ">
    <subfield code="0">0</subfield>
    <subfield code="1">0</subfield>
    <subfield code="2">ddc</subfield>
    <subfield code="4">0</subfield>
    <subfield code="6">AVM_NGE_2018_000000000000000_B654_OR_1</subfield>
    <subfield code="7">0</subfield>
    <subfield code="9">82986</subfield>
    <subfield code="a">LBB</subfield>
    <subfield code="b">LBB</subfield>
    <subfield code="c">B654</subfield>
    <subfield code="d">2019-12-25</subfield>
    <subfield code="o">AVM NGE 2018 B654 Or.1</subfield>
    <subfield code="r">2019-12-25</subfield>
    <subfield code="w">2019-12-25</subfield>
    <subfield code="y">AVM</subfield>
  </datafield>
</record>
